00301nam a2200133Ia 45000030006000000080041000060400015000471000014000622450028000762500010001042600024001145460012001380050017001500STCL150530s9999 xx 000 0 und d aSTCLcSTCL aAloke Dey aTheory of block designs aFirst bWiley Easternc1986 aEnglish20220125170045.0